000 00887cam a2200277 a 4500
001 3902
005 20250519080820.0
020 _a9781592497447 (case bound bk.)
040 _aDLC
_cDLC
_dDLC
_beng
050 0 0 _aPZ7.G14228
_b2007
082 0 0 _afic
100 1 _aGalvin, Laura Gates
_d1963-
245 1 0 _aBaby Koala and Mommy /
_cby Laura Gates Galvin
260 _aNorwalk :
_bSoundprints ;
_c2007
300 _a16​​ unnumbered pages :
_bcolor illustrations ;
_c19 cm.
490 _a Smithsonian Baby Animals
505 _aG
520 _aBaby Koala and his Mommy spend the day playing, eating, and exploring.
521 _a380
_bLexile estimate
521 _aG
_bRaz-Plus
650 1 _aKoalas
_vFiction.
650 1 _aMarsupials
_vFiction.
650 1 _aAnimals
_xInfancy
_vFiction.
906 _a7
_bcbc
_corignew
_d1
_eecip
_f20
_gy-gencatlg
942 _2ddc
_cBK
_n0
999 _c3902
_d3902